000 00741 a2200253 4500
020 _a0-07-118183-0
020 _a0-07-118183-0
040 _aLibrary of Congress
_bEnglish
082 _a621.382
082 _a621.382
082 _a621.382
082 _a621.382
100 1 _aProakis, John G.
245 0 0 _aDigital communications
_cJohn G. Proakis
250 _a4. ed
260 _aBoston :
_bMcGraw-Hill,
_ccop. 2001
300 _axxi, 1002 s. :
_bill.
440 0 _aMcGraw-Hill series in electrical and computer engineering.
650 0 _aDigital communications
650 0 _aSignal processing - Digital techniques
650 0 _aTelecommunication
650 0 _aDigital communication engineering
942 _cBK
_k621.382 PRO
_2ddc
999 _c4692
_d4692